| 000 | 01143nam a22002897a 4500 | ||
|---|---|---|---|
| 001 | 257 | ||
| 003 | BR-CuiBMT | ||
| 005 | 20231113231415.0 | ||
| 008 | 230914b2023 mgbaaaa 000 0 por d | ||
| 020 | _a9786555185027 | ||
| 040 |
_aBR-CuiBMT _cBR-CuiBMT |
||
| 080 |
_a342.922:351.712.2.02 _22007 |
||
| 090 |
_a342.922:351.712.2.02 _bC764 |
||
| 245 | 0 | 0 |
_aControle externo e as mutações do direito público, licitações e contratos : _bestudos de ministros e conselheiros substitutos dos Tribunais de Contas / _cLuiz Henrique Lima, Daniela Zago Gonçalves da Cunda, Heloísa Helena Antonacio Monteiro Godinho, coordenadores. |
| 260 |
_aBelo Horizonte : _bFórum, _c2023. |
||
| 300 |
_a267 p. : _bil. ; _c22 cm |
||
| 504 | _aInclui bibliografia. | ||
| 650 | _aDireito administrativo | ||
| 650 |
_aLicitações _xAdministração pública |
||
| 650 |
_aContratos _xAdministração pública |
||
| 650 | _aDireito público | ||
| 650 | _aDireito financeiro | ||
| 700 |
_aLima, Luiz Henrique _4coord. |
||
| 700 |
_aCunda, Daniela Zago Gonçalves da _4coord. |
||
| 700 |
_aGodinho, Heloísa Helena Antonacio Monteiro _4coord. |
||
| 942 |
_2udc _cLV |
||
| 999 |
_c257 _d257 |
||